000 002610000a22000970004500
100 1 _aMitchell, Nathan D.
245 1 0 _aRitual y nuevos medios de comunicación
300 _aVol.305, núm.305 (Febrero, 2005), Páginas 103-113
773 0 _tConcilium
942 _cANA
999 _c61052
_d61052